<?xml version="1.0" encoding="UTF-8"?>
<collection xmlns="http://www.loc.gov/MARC21/slim">
 <record>
  <leader>02827nam a22003377a 4500</leader>
  <controlfield tag="001">NCT_4_017563</controlfield>
  <controlfield tag="008">250312b        xxu||||| |||| 00| 0 vie d</controlfield>
  <datafield tag="999" ind1=" " ind2=" ">
   <subfield code="c">8841</subfield>
   <subfield code="d">8841</subfield>
  </datafield>
  <datafield tag="020" ind1=" " ind2=" ">
   <subfield code="a">9786044034485</subfield>
   <subfield code="c">169000</subfield>
  </datafield>
  <datafield tag="082" ind1="0" ind2="4">
   <subfield code="2">23rd ed.</subfield>
   <subfield code="a">006.35</subfield>
   <subfield code="b">D561</subfield>
  </datafield>
  <datafield tag="100" ind1="0" ind2=" ">
   <subfield code="a">Dịch Dương</subfield>
  </datafield>
  <datafield tag="245" ind1="1" ind2="0">
   <subfield code="a">ChatGPT thực chiến :</subfield>
   <subfield code="b">Tối ưu nội dung bằng AI. Gia tăng hiệu suất công việc. Sáng tạo video marketing</subfield>
   <subfield code="c">Dịch Dương, Phan Trạch Bân, Lý Thế Minh ; Huyền Trang (dịch)</subfield>
  </datafield>
  <datafield tag="260" ind1=" " ind2=" ">
   <subfield code="a">H.</subfield>
   <subfield code="b">Dân trí</subfield>
   <subfield code="c">2024</subfield>
  </datafield>
  <datafield tag="300" ind1=" " ind2=" ">
   <subfield code="a">263 tr.</subfield>
   <subfield code="c">21 cm</subfield>
  </datafield>
  <datafield tag="520" ind1="3" ind2=" ">
   <subfield code="a">Trình bày tổng quan về ChatGPT, công cụ viết AI, Midjourney AI; hướng dẫn sử dụng ChatGPT để: Tạo âm thanh, sản xuất video, chế tạo digital human, nâng cao hiệu quả học tập, nâng cao hiệu suất nơi làm việc; xu hướng hướng của lĩnh vực trí tuệ nhân tạo</subfield>
  </datafield>
  <datafield tag="653" ind1=" " ind2=" ">
   <subfield code="a">Công nghệ thông tin</subfield>
  </datafield>
  <datafield tag="700" ind1="1" ind2=" ">
   <subfield code="a">Phan Trạch Bân</subfield>
  </datafield>
  <datafield tag="700" ind1="1" ind2=" ">
   <subfield code="a">Lý Thế Minh</subfield>
  </datafield>
  <datafield tag="700" ind1="0" ind2=" ">
   <subfield code="a">Huyền Trang</subfield>
   <subfield code="e">Dịch</subfield>
  </datafield>
  <datafield tag="942" ind1=" " ind2=" ">
   <subfield code="2">ddc</subfield>
   <subfield code="c">BK</subfield>
  </datafield>
  <datafield tag="952" ind1=" " ind2=" ">
   <subfield code="0">0</subfield>
   <subfield code="1">0</subfield>
   <subfield code="2">ddc</subfield>
   <subfield code="4">0</subfield>
   <subfield code="6">006_350000000000000_D561</subfield>
   <subfield code="7">0</subfield>
   <subfield code="9">30440</subfield>
   <subfield code="a">000001</subfield>
   <subfield code="b">000001</subfield>
   <subfield code="d">2025-03-12</subfield>
   <subfield code="o">006.35 D561</subfield>
   <subfield code="p">MD.23630</subfield>
   <subfield code="r">2025-03-12</subfield>
   <subfield code="v">169000.00</subfield>
   <subfield code="w">2025-03-12</subfield>
   <subfield code="y">BK</subfield>
  </datafield>
  <datafield tag="952" ind1=" " ind2=" ">
   <subfield code="0">0</subfield>
   <subfield code="1">0</subfield>
   <subfield code="2">ddc</subfield>
   <subfield code="4">0</subfield>
   <subfield code="6">006_350000000000000_D561</subfield>
   <subfield code="7">0</subfield>
   <subfield code="9">30441</subfield>
   <subfield code="a">000001</subfield>
   <subfield code="b">000001</subfield>
   <subfield code="d">2025-03-12</subfield>
   <subfield code="l">1</subfield>
   <subfield code="o">006.35 D561</subfield>
   <subfield code="p">MD.23631</subfield>
   <subfield code="r">2025-11-06</subfield>
   <subfield code="s">2025-10-24</subfield>
   <subfield code="v">169000.00</subfield>
   <subfield code="w">2025-03-12</subfield>
   <subfield code="y">BK</subfield>
  </datafield>
  <datafield tag="952" ind1=" " ind2=" ">
   <subfield code="0">0</subfield>
   <subfield code="1">0</subfield>
   <subfield code="2">ddc</subfield>
   <subfield code="4">0</subfield>
   <subfield code="6">006_350000000000000_D561</subfield>
   <subfield code="7">0</subfield>
   <subfield code="9">30442</subfield>
   <subfield code="a">000001</subfield>
   <subfield code="b">000001</subfield>
   <subfield code="d">2025-03-12</subfield>
   <subfield code="o">006.35 D561</subfield>
   <subfield code="p">MD.23632</subfield>
   <subfield code="r">2025-03-12</subfield>
   <subfield code="v">169000.00</subfield>
   <subfield code="w">2025-03-12</subfield>
   <subfield code="y">BK</subfield>
  </datafield>
  <datafield tag="952" ind1=" " ind2=" ">
   <subfield code="0">0</subfield>
   <subfield code="1">0</subfield>
   <subfield code="2">ddc</subfield>
   <subfield code="4">0</subfield>
   <subfield code="6">006_350000000000000_D561</subfield>
   <subfield code="7">0</subfield>
   <subfield code="9">30443</subfield>
   <subfield code="a">000001</subfield>
   <subfield code="b">000001</subfield>
   <subfield code="d">2025-03-12</subfield>
   <subfield code="l">1</subfield>
   <subfield code="m">1</subfield>
   <subfield code="o">006.35 D561</subfield>
   <subfield code="p">MD.23633</subfield>
   <subfield code="r">2025-11-17</subfield>
   <subfield code="s">2025-10-27</subfield>
   <subfield code="v">169000.00</subfield>
   <subfield code="w">2025-03-12</subfield>
   <subfield code="y">BK</subfield>
  </datafield>
  <datafield tag="952" ind1=" " ind2=" ">
   <subfield code="0">0</subfield>
   <subfield code="1">0</subfield>
   <subfield code="2">ddc</subfield>
   <subfield code="4">0</subfield>
   <subfield code="6">006_350000000000000_D561</subfield>
   <subfield code="7">0</subfield>
   <subfield code="9">30444</subfield>
   <subfield code="a">000001</subfield>
   <subfield code="b">000001</subfield>
   <subfield code="d">2025-03-12</subfield>
   <subfield code="o">006.35 D561</subfield>
   <subfield code="p">MD.23634</subfield>
   <subfield code="r">2025-03-12</subfield>
   <subfield code="v">169000.00</subfield>
   <subfield code="w">2025-03-12</subfield>
   <subfield code="y">BK</subfield>
  </datafield>
  <datafield tag="952" ind1=" " ind2=" ">
   <subfield code="0">0</subfield>
   <subfield code="1">0</subfield>
   <subfield code="2">ddc</subfield>
   <subfield code="4">0</subfield>
   <subfield code="6">006_350000000000000_D561</subfield>
   <subfield code="7">0</subfield>
   <subfield code="9">30445</subfield>
   <subfield code="a">000001</subfield>
   <subfield code="b">000001</subfield>
   <subfield code="d">2025-03-12</subfield>
   <subfield code="l">2</subfield>
   <subfield code="m">2</subfield>
   <subfield code="o">006.35 D561</subfield>
   <subfield code="p">MD.23635</subfield>
   <subfield code="r">2025-10-04</subfield>
   <subfield code="s">2025-09-20</subfield>
   <subfield code="v">169000.00</subfield>
   <subfield code="w">2025-03-12</subfield>
   <subfield code="y">BK</subfield>
  </datafield>
  <datafield tag="952" ind1=" " ind2=" ">
   <subfield code="0">0</subfield>
   <subfield code="1">0</subfield>
   <subfield code="2">ddc</subfield>
   <subfield code="4">0</subfield>
   <subfield code="6">006_350000000000000_D561</subfield>
   <subfield code="7">0</subfield>
   <subfield code="9">30446</subfield>
   <subfield code="a">000001</subfield>
   <subfield code="b">000001</subfield>
   <subfield code="d">2025-03-12</subfield>
   <subfield code="o">006.35 D561</subfield>
   <subfield code="p">MD.23636</subfield>
   <subfield code="r">2025-03-12</subfield>
   <subfield code="v">169000.00</subfield>
   <subfield code="w">2025-03-12</subfield>
   <subfield code="y">BK</subfield>
  </datafield>
  <datafield tag="952" ind1=" " ind2=" ">
   <subfield code="0">0</subfield>
   <subfield code="1">0</subfield>
   <subfield code="2">ddc</subfield>
   <subfield code="4">0</subfield>
   <subfield code="6">006_350000000000000_D561</subfield>
   <subfield code="7">0</subfield>
   <subfield code="9">30447</subfield>
   <subfield code="a">000001</subfield>
   <subfield code="b">000001</subfield>
   <subfield code="d">2025-03-12</subfield>
   <subfield code="l">2</subfield>
   <subfield code="m">1</subfield>
   <subfield code="o">006.35 D561</subfield>
   <subfield code="p">MD.23637</subfield>
   <subfield code="r">2025-06-03</subfield>
   <subfield code="s">2025-05-30</subfield>
   <subfield code="v">169000.00</subfield>
   <subfield code="w">2025-03-12</subfield>
   <subfield code="y">BK</subfield>
  </datafield>
  <datafield tag="952" ind1=" " ind2=" ">
   <subfield code="0">0</subfield>
   <subfield code="1">0</subfield>
   <subfield code="2">ddc</subfield>
   <subfield code="4">0</subfield>
   <subfield code="6">006_350000000000000_D561</subfield>
   <subfield code="7">0</subfield>
   <subfield code="9">30448</subfield>
   <subfield code="a">000001</subfield>
   <subfield code="b">000001</subfield>
   <subfield code="d">2025-03-12</subfield>
   <subfield code="o">006.35 D561</subfield>
   <subfield code="p">MD.23638</subfield>
   <subfield code="r">2025-03-12</subfield>
   <subfield code="v">169000.00</subfield>
   <subfield code="w">2025-03-12</subfield>
   <subfield code="y">BK</subfield>
  </datafield>
  <datafield tag="952" ind1=" " ind2=" ">
   <subfield code="0">0</subfield>
   <subfield code="1">0</subfield>
   <subfield code="2">ddc</subfield>
   <subfield code="4">0</subfield>
   <subfield code="6">006_350000000000000_D561</subfield>
   <subfield code="7">0</subfield>
   <subfield code="9">30449</subfield>
   <subfield code="a">000001</subfield>
   <subfield code="b">000001</subfield>
   <subfield code="d">2025-03-12</subfield>
   <subfield code="l">1</subfield>
   <subfield code="o">006.35 D561</subfield>
   <subfield code="p">MD.23639</subfield>
   <subfield code="r">2025-03-22</subfield>
   <subfield code="s">2025-03-22</subfield>
   <subfield code="v">169000.00</subfield>
   <subfield code="w">2025-03-12</subfield>
   <subfield code="y">BK</subfield>
  </datafield>
  <datafield tag="980" ind1=" " ind2=" ">
   <subfield code="a">Thư viện Trường Đại học Nam Cần Thơ</subfield>
  </datafield>
 </record>
</collection>
